| 000 | 00428 a2200157 4500 | ||
|---|---|---|---|
| 003 | NUST | ||
| 005 | 20230224123829.0 | ||
| 040 | _cNust | ||
| 082 | _a363.7,AHM | ||
| 100 |
_aAhmed, Shiekh Riaz _9109570 |
||
| 245 |
_aKura Arz Ka Thafiz / کرۃ ارض کا تحفظ (Urdu) / _cShiekh Riaz Ahmed |
||
| 260 |
_aLahore _bNigrashatt _c1991 |
||
| 300 | _a164;p. | ||
| 650 |
_aEnviorment (Urdu) _9109571 |
||
| 942 |
_2ddc _cBK _k363.7,AHM |
||
| 999 |
_c188067 _d188067 |
||